000 00630nam a2200193 i 4500
001 bg
245 0 0 _aFlora słodkowodna Polski.
_nT.3,
_pEuglenophyta-Eugleniny / Karol Starmach ; Polska Akademia Nauk. Instytut Botaniki.
260 _aWarszawa ; Kraków :
_bPańst. Wydaw. Naukowe,
_c1983.
300 _a593 , [1] s., :
_brys. ;
_c22 cm.
504 _aBibliogr. s.547-561. - Indeks.
650 9 _aGlony
_xsystematyka
650 9 _aWody śródlądowe
_xflora
_xsystematyka
700 1 _aSTARMACH, Karol.
040 _cBPK
041 0 _apl
080 _a582.2(083.8)
942 _cKS
008 s pl f |000 0 pol
999 _c30639
_d30639
856 _uhttp://koha.tu.koszalin.pl/cgi-bin/koha/opac-detail.pl?biblionumber=30639
_yKatalog online BPK